01576nam a2200349 a 4500001001000000003000500010005001700015008004100032010001100073011001100084040000900095090001000104100003700114245018500151260004100336500006000377502010900437590004100546590003700587590004000624590004000664650005100704650006700755856001600822856007000838901000700908942001000915942000600925999001900931952013600950952014001086000112500CHAP20220329144309.0160606s2016 mx sm |||||||spa d a108961 a109933 cCHAP aTesis1 aArenas Sánchez, Daniel913081510aDeterminación de razas fisiológicas de ocho poblaciones de Sabanguina tlaxcaltensis n. sp. con plantas diferenciales, en invernaderoh[En línea]cpor Daniel Arenas Sánchez. aChapingo, Méx. :bEl autor,c2016. aPara ver el contenido del material haga clic en la liga aTesis (Ing. Agr. Esp. en Parasitología Agrícola) -- UACH. Departamento de Parasitología Agrícola aBATCH-UPDb05c20160606lUCH01h1143 aBATCHb00c20181121lUCH01h0758 aE5765TAJb05c20160606lUCH01h1143 aE5765TAJb05c20160606lUCH01h114314aPlantas parásitasxIdentificación.913081614aSubanguina tlaxcaltensisxFisiología y morfología.9130817 a1 n0000501 aFinding aiduhttp://10.13.5.2/tesis/sist112500.pdfzTeclea aquí aBK cTESIS n0 c108961d108961 00104054718TESISaBCbBCd2016-06-06fTESISl0oTesisp33724002522793r2019-12-31 00:00:00w2019-12-31yTESISzRecien adquirido 00102local4053708TESISaBCbBCcPA_TESISd2016-06-06fTESISl0oTesisp33724002522835r2019-12-31 00:00:00tc.2w2019-12-31yTESIS